000 00311nam a2200121 a 4500
005 20140412111328.0
008 110115s19uu xx 00 eng d
050 _aBB
_bSh829 1997
245 _aShapes.
260 _aItaly :
_bGruppo Edicart- Legnano,
_c1997.
440 _aPilu the clown and...
999 _c104771
_d104771